Statistics for Most Stage Wins in the Tour de France

Click here to take the quiz!

General Stats

  • This quiz has been taken 252 times
  • The average score is 11 of 34

Answer Stats

Stage WinsCountryCyclist% Correct
34BelgiumEddy Merckx
92%
34United KingdomMark Cavendish
90%
28FranceBernard Hinault
82%
12SlovakiaPeter Sagan
76%
16FranceJacques Anquetil
67%
12SpainMiguel Indurain
60%
14GermanyMarcel Kittel
58%
12GermanyErik Zabel
57%
11GermanyAndré Greipel
56%
10NorwayThor Hushovd
48%
10LuxembourgCharly Gaul
40%
11FranceLouison Bobet
39%
10NetherlandsJoop Zoetemelk
38%
12ItalyGino Bartali
37%
12ItalyMario Cipollini
35%
12AustraliaRobbie McEwen
35%
15BelgiumFreddy Maertens
24%
20LuxembourgNicolas Frantz
21%
22FranceAndré Darrigade
19%
19LuxembourgFrançois Faber
18%
10FranceAntonin Magne
17%
13BelgiumPhilippe Thys
16%
25FranceAndré Leducq
15%
16FranceCharles Pélissier
15%
10FranceHenri Pélissier
15%
10NetherlandsJan Raas
12%
10NetherlandsGerrie Knetemann
9%
10BelgiumWalter Godefroot
9%
13FranceLouis Trousselier
8%
11BelgiumJean Aerts
7%
17FranceJean Alavoine
7%
16FranceRené Le Grevès
6%
10FranceMaurice Archambaud
3%
11ItalyRaffaele Di Paco
3%

Score Distribution

Percentile by Number Answered

Percent of People with Each Score

Your Score History

You have not taken this quiz